banner koha

A influência da floresta ciliar sobre a temperatura das águas do rio Capivari, região cárstica curitibana (Registro n. 188293)

MARC details
000 -LÍDER
campo de controle de tamanho fixo 01081nas a2200361 4500
001 - NÚMERO DE CONTROLE
campo de controle BR0701285
003 - IDENTIFICADOR DO NÚMERO DE CONTROLE
campo de controle BR-BrBNA
005 - DATA E HORÁRIO DA ÚLTIMA TRANSAÇÃO
campo de controle 20231205110632.0
007 - CAMPO FIXO DE DESCRIÇÃO FÍSICA--INFORMAÇÃO GERAL
campo de controle de tamanho fixo ta
008 - CAMPO DE DADOS FIXOS--INFORMAÇÃO GERAL
campo de controle de tamanho fixo 230509b bl.|||p| |||| 00| 00por d
040 ## - FONTE DA CATALOGAÇÃO
Instituição da catalogação original BR-BrBNA
Idioma da catalogação por
Instituição que transcreveu o registro Biblioteca Nacional de Agricultura
041 ## - CÓDIGO DE IDIOMA
Código do idioma do texto/trilha sonora ou título diferente (Pt)
072 ## - CÓDIGO DE CATEGORIA DE ASSUNTO
Código de Categoria de Assunto P01; P10
100 1# - ENTRADA PRINCIPAL--NOME PESSOAL
Nome pessoal Fritzsons, E.
100 1# - ENTRADA PRINCIPAL--NOME PESSOAL
Nome pessoal Mantovani, L.E.
100 1# - ENTRADA PRINCIPAL--NOME PESSOAL
Nome pessoal Chaves Neto, A.
100 1# - ENTRADA PRINCIPAL--NOME PESSOAL
Nome pessoal Rizzi, N.E.
245 1# - TÍTULO
Título A influência da floresta ciliar sobre a temperatura das águas do rio Capivari, região cárstica curitibana
650 ## - ASSUNTO--TERMO TÓPICO
Cabeçalho tópico ou nome geográfico MATA CILIAR
650 ## - ASSUNTO--TERMO TÓPICO
Cabeçalho tópico ou nome geográfico LIMNOLOGIA
650 ## - ASSUNTO--TERMO TÓPICO
Cabeçalho tópico ou nome geográfico ECOLOGIA VEGETAL
650 ## - ASSUNTO--TERMO TÓPICO
Cabeçalho tópico ou nome geográfico EQUILÍBRIO ECOLÓGICO
650 ## - ASSUNTO--TERMO TÓPICO
Cabeçalho tópico ou nome geográfico ÁGUAS INTERIORES
650 ## - ASSUNTO--TERMO TÓPICO
Cabeçalho tópico ou nome geográfico TEMPERATURA
650 ## - ASSUNTO--TERMO TÓPICO
Cabeçalho tópico ou nome geográfico UMIDADE
650 ## - ASSUNTO--TERMO TÓPICO
Cabeçalho tópico ou nome geográfico IRRADIAÇÃO LUMINOSA
650 ## - ASSUNTO--TERMO TÓPICO
Cabeçalho tópico ou nome geográfico BACIA HIDROGRÁFICA
650 ## - ASSUNTO--TERMO TÓPICO
Cabeçalho tópico ou nome geográfico PRESERVAÇÃO DA NATUREZA
650 ## - ASSUNTO--TERMO TÓPICO
Cabeçalho tópico ou nome geográfico PARANÁ
773 0# - ENTRADA ANALÍTICA
Título Floresta (Brazil)
ISSN - International Standard Serial Number ISSN 0015-3826
Partes relacionadas (Sep-Dec 2005), v. 35(3) p. 395-407
Número de controle do registro BR0701285
909 ## -
-- 202311
-- Lúcia
-- 55
-- Lúcia Elande
942 ## - ELEMENTOS DE ENTRADA ADICIONADOS (KOHA)
Fonte da classificação ou esquema de arquivamento na estante Classificação AGRIS
Ocultar no OPAC Não
Tipo de material Koha Analítica
Exemplares
Situação do descarte Fonte da classificação ou esquema de arquivamento na estante Situação física Não pode ser emprestado Biblioteca de origem Biblioteca atual Localização na estante Enumeração do periódico / cronologia Total de empréstimos Data de último acesso Número do exemplar Tipo de material Koha Fonte de aquisição
  Classificação AGRIS   Consulta local Biblioteca Nacional de Agricultura - Binagri Biblioteca Nacional de Agricultura - Binagri   (Sep-Dec 2005), v. 35(3) p. 395-407   29/11/2023 01 Periódicos Portaria Interministerial nº 164/94

BINAGRI

Telefone: (61)3218-2567/2388/3357/2097 - binagri@agro.gov.br

Ministério da Agricultura e Pecuária , Esplanada dos Ministérios, Bloco D, Anexo B, Brasília/DF, CEP: 70.043-900